| 000 | 00657nam 22002173 4500 | ||
|---|---|---|---|
| 001 | 200517 | ||
| 010 | _a972-576-202-9 | ||
| 021 |
_aPT _b160027/01 |
||
| 090 | _a200517 | ||
| 100 | _a20260211d u||y0pory50 ba | ||
| 200 |
_aOs aviões da Cruz de Cristo = The airplanes of the Cross of Christ _fMário Canongia Lopes |
||
| 205 | _a2ª | ||
| 210 |
_aLisboa _cDinalivro _d2001 |
||
| 215 |
_a367 p. _cil. ; encadernado _d29 cm |
||
| 300 | _apublicação em inglês e português | ||
| 606 |
_913230 _aEngenharia. Tecnologia em Geral |
||
| 675 |
_a62 _vPT _zpor |
||
| 700 |
_916328 _aLopes _bMário Canongia |
||
| 801 |
_aPT _bBMMN _gRPC |
||
| 830 | _cVanda | ||
| 990 | _cLIVROS | ||